Zavři oči a podívej se /
Uloženo v:
| Hlavní autor: | |
|---|---|
| Další autoři: | |
| Médium: | Kniha |
| Jazyk: | Czech |
| Vydáno: |
Praha :
Vyšehrad,
2026
|
| Edice: | Rozhovory (Vyšehrad)
|
| Témata: | |
| Celkem bylo vypůjčeno: | 0x |
| Tagy: |
Žádné tagy |
| LEADER | 01378nam a2200349 i 4500 | ||
|---|---|---|---|
| 001 | 106515 | ||
| 003 | CZ PrSKC | ||
| 005 | 20260605080405.0 | ||
| 008 | 260602s2026 xr ||||| |||| 00| 0 cze d | ||
| 020 | |a 9788026734383 |q (vázáno) : |c Kč 449,00 | ||
| 040 | |a LNG501 |b cze |d UOG001 |e rda | ||
| 072 | 7 | |a 316.33 |x Ekonomická sociologie. Sociologie institucí, lidských sídel a komunit |2 Konspekt | |
| 080 | 1 | |a 316.42 | |
| 100 | 1 | |a Sedláček, Tomáš, |d 1977 leden 23.- |7 mzk2009512904 |4 aut |9 5872 | |
| 245 | 1 | 0 | |a Zavři oči a podívej se / |c Tomáš Sedláček, Michael Rozsypal |
| 264 | 1 | |a Praha : |b Vyšehrad, |c 2026 | |
| 300 | |a 208 stran : |b ilustrace ; |c 21 cm | ||
| 336 | |a text |b txt |2 rdacontent | ||
| 337 | |a bez média |b n |2 rdamedia | ||
| 338 | |a svazek |b nc |2 rdacarrier | ||
| 490 | 1 | |a Rozhovory | |
| 650 | 7 | |a sociologie |7 ph116198 |2 czenas | |
| 650 | 7 | |a ekonomie |7 ph114430 |2 czenas | |
| 650 | 7 | |a názory a postoje |7 ph137634 |2 czenas | |
| 655 | 7 | |a rozhovory |7 fd133303 |2 czenas |9 2157 | |
| 700 | 1 | |a Rozsypal, Michael, |d 1989- |7 av20221172319 |4 aut |9 115833 | |
| 710 | 2 | |a Vyšehrad (nakladatelství) |7 xx0021430 |4 pbl |9 117167 | |
| 830 | 0 | |a Rozhovory (Vyšehrad) | |
| 910 | |a UOG502 | ||
| 942 | |2 ddc |c KN | ||
| 999 | |d 106515 | ||
| 993 | |0 0 |1 421180107235 |2 ddc |4 0 |6 929_000000000000000 |7 0 |9 99959 |b 0 |c 107235 |d 2026-06-05 |e 0 |f DOSP |g 929 |h 449.00 |i Koupě |l DOSP |r 2026-06-05 |t 5 |w 2026-06-05 |y KN |z NAUCNA |n | ||